000
00265nam a22001217a 4500
082
_a
823
_b
THO/M
100
_a
HARDY, THOMAS
245
_a
THE MAYOR OF CASTERBRIDGE
260
_a
MADRAS
_b
OXFORD
_c
1982
300
_a
367
650
_a
ENGLISH STORY
_z
INDIA
942
_c
BK
999
_c
7282
_d
7282